Dịch văn bản khoa học và kỹ thuật sang tiếng Anh /

محفوظ في:
التفاصيل البيبلوغرافية
المؤلف الرئيسي: Pumpyanski
مؤلفون آخرون: Đào Hồng Thu (dịch)
التنسيق: Sách giấy
اللغة:Vietnamese
منشور في: H. : Khoa học và Kỹ thuật, 2002
الموضوعات:
الوسوم: إضافة وسم
لا توجد وسوم, كن أول من يضع وسما على هذه التسجيلة!
Thư viện lưu trữ: Thư viện Trường Đại học Đà Lạt
LEADER 00775nam a2200301 4500
001 DLU060052334
005 ##20060417
040 # # |a DLU  |b vie 
041 # # |a vie 
044 # # |a vn 
082 # # |a 418.02  |b PUM 
100 # # |a Pumpyanski 
245 # # |a Dịch văn bản khoa học và kỹ thuật sang tiếng Anh /  |c Pumpyanski; Đào Hồng Thu dịch 
260 # # |a H. :  |b Khoa học và Kỹ thuật,  |c 2002 
300 # # |a 308 tr. ;  |c 24 cm 
653 # # |a Dịch thuật 
653 # # |a Khoa học kỹ thuật 
700 # # |a Đào Hồng Thu  |e dịch 
923 # # |a 03/2006 
992 # # |a 35.000 
994 # # |a DLU 
900 # # |a True 
911 # # |a Đào Thị Thu Huyền 
925 # # |a G 
926 # # |a A 
927 # # |a SH 
980 # # |a Thư viện Trường Đại học Đà Lạt